000 00685nam a2200217Ia 4500
001 5667
003 GE_BSU
008 181216s||||||||xx |||||||||||||| ||und||
040 _cGE_BSU
080 _a514.18(075.8)
100 _aКрылов, Н.Н.; П.И.Лобандиевский; С.А.Мэн;
245 _aНачертательная геометрия
245 _bУчебник для студ транспортных и строит.вузов
245 _cпод.ред.Н.Н.Крыловаа
260 _aМ
260 _bГосиздат
260 _c1959
300 _a367 с.22см
653 _aНачертательная геометрия
942 _cBK
999 _c39096
_d39096